Problemas y tablas de espectroscopía
| Main Author: | |
|---|---|
| Format: | Section = Libro |
| Language: | Undetermined Spanish |
| Published: |
Nicaragua
Universidad Nacional Autónoma de Nicaragua (UNAN)
1986
|
| Subjects: |
| LEADER | 00521nam a2200181Ia 4500 | ||
|---|---|---|---|
| 008 | 240830s9999 xx 000 0 und d | ||
| 040 | |a CEDOC FIQ-RUSB / 543.0858 C343 | ||
| 041 | |a spa | ||
| 082 | |a 543.0858 C343 | ||
| 100 | 1 | |a Castañedo, Nilo. | |
| 245 | 1 | 0 | |a Problemas y tablas de espectroscopía |
| 260 | |a Nicaragua |b Universidad Nacional Autónoma de Nicaragua (UNAN) |c 1986 | ||
| 300 | |a 200 p. :il | ||
| 650 | 7 | |a ESPECTROSCOPIA | |
| 650 | 7 | |b ENSEÑANZA ESPECTROSCOPIA | |
| 942 | |c BK |2 ddc | ||
| 991 | |a TEXTO | ||
| 999 | |c 13298 | ||